[Event "KEN-ch (Women)"]
[Site "Nairobi"]
[Date "2024.02.18"]
[Round "11"]
[White "Mwashe, Yvonne Adego"]
[Black "Mutisya, Julie"]
[Result "0-1"]
[WhiteElo "1160"]
[BlackElo "1560"]
[PlyCount "96"]
[EventDate "2024.02.09"]
[EventType "tourn"]
[EventRounds "11"]
[EventCountry "KEN"]
[SourceTitle "CB08_2024"]
[SourceDate "2024.02.21"]
[SourceVersion "1"]
[SourceVersionDate "2024.02.21"]
[SourceQuality "1"]

1. d4 Nf6 2. Nf3 g6 3. Bf4 Bg7 4. e3 c5 5. c3 0-0 6. Nbd2 d6 7. h3 Qb6 8. Qc1 Bf5 9. Be2 Nc6 10. b3 Rac8 11. Qd1 cxd4 12. exd4 Nd5 13. Nc4 Qc7 14. Bd2 b5 15. Ne3 Nxe3 16. fxe3 a6 17. 0-0 d5 18. Qe1 e5 19. Qf2 Rfe8 20. Nh2 Qe7 21. Bg4 Bxg4 22. Nxg4 f5 23. Nh2 b4 24. Qf3 e4 25. Qf2 Bh6 26. Rac1 bxc3 27. Rxc3 Nb4 28. Rxc8 Rxc8 29. Bxb4 Qxb4 30. Qh4 Bxe3+ 31. Kh1 Bxd4 32. Qg3 Bg7 33. Qg5 d4 34. g4 e3 35. Qh4 e2 36. Rb1 d3 37. Qf2 Qe4+ 38. Nf3 d2 39. Rg1 d1Q 40. Kh2 Rc3 41. Kg2 Rxf3 42. Qxf3 Qxf3+ 43. Kxf3 Qd3+ 44. Kg2 Be5 45. Kf2 Bd4+ 46. Kg2 Bxg1 47. Kxg1 e1Q+ 48. Kg2 Qdg3# 0-1

[Event "KEN-ch (Women)"]
[Site "Nairobi"]
[Date "2024.02.17"]
[Round "8"]
[White "Albright, Nicole"]
[Black "Mutisya, Julie"]
[Result "1-0"]
[WhiteElo "1431"]
[BlackElo "1560"]
[PlyCount "141"]
[EventDate "2024.02.09"]
[EventType "tourn"]
[EventRounds "11"]
[EventCountry "KEN"]
[SourceTitle "CB08_2024"]
[SourceDate "2024.02.21"]
[SourceVersion "1"]
[SourceVersionDate "2024.02.21"]
[SourceQuality "1"]

1. e4 d6 2. d4 Nf6 3. Nc3 g6 4. Be3 Bg7 5. h3 c6 6. Bd3 Nbd7 7. Nf3 e5 8. dxe5 dxe5 9. Qd2 Qe7 10. Bh6 0-0 11. Bxg7 Kxg7 12. h4 h5 13. 0-0-0 Nc5 14. Qg5 Re8 15. Nh2 Ng4 16. Qxe7 Rxe7 17. Nxg4 Bxg4 18. f3 Be6 19. Rhg1 Rd7 20. Be2 Rad8 21. Rxd7 Nxd7 22. Rd1 Kf8 23. a3 Ke7 24. g3 Nb6 25. Rxd8 Kxd8 26. Kd2 Ke7 27. b3 Kf6 28. Ke3 a5 29. Bd3 Ke7 30. f4 Kf6 31. Ne2 a4 32. b4 Bc4 33. fxe5+ Kxe5 34. Nd4 f6 35. Nf3+ Ke6 36. Kd4 Ba2 37. c4 Bb3 38. c5 Nd7 39. Nd2 Bd1 40. Bc4+ Ke7 41. b5 Ne5 42. bxc6 bxc6 43. Bf1 Ke6 44. Bc4+ Kd7 45. Ba2 g5 46. hxg5 Ke7 47. gxf6+ Kxf6 48. Nc4 Nf3+ 49. Ke3 Ng5 50. e5+ Ke6 51. Nb2+ Bb3 52. Bxb3+ axb3 53. a4 Kd5 54. Nd3 Ne6 55. Kd2 Nxc5 56. Nxc5 Kxc5 57. Kc3 Kd5 58. a5 Kxe5 59. a6 Kf5 60. a7 Kg4 61. a8Q Kxg3 62. Qxc6 h4 63. Qh1 h3 64. Kxb3 Kf2 65. Qxh3 Kg1 66. Qf3 Kh2 67. Qg4 Kh1 68. Kc3 Kh2 69. Kd3 Kh1 70. Ke2 Kh2 71. Kf2 1-0

[Event "KEN-ch (Women)"]
[Site "Nairobi"]
[Date "2024.02.11"]
[Round "4"]
[White "Kaloki, Zuri"]
[Black "Mutisya, Julie"]
[Result "1/2-1/2"]
[WhiteElo "1285"]
[BlackElo "1560"]
[PlyCount "100"]
[EventDate "2024.02.09"]
[EventType "tourn"]
[EventRounds "11"]
[EventCountry "KEN"]
[SourceTitle "CB08_2024"]
[SourceDate "2024.02.21"]
[SourceVersion "1"]
[SourceVersionDate "2024.02.21"]
[SourceQuality "1"]

1. e4 d6 2. d4 Nf6 3. Nc3 g6 4. Be3 c6 5. a4 Nbd7 6. Bd3 e5 7. d5 cxd5 8. exd5 a6 9. a5 Bg7 10. Nge2 Ng4 11. 0-0 Qh4 12. h3 Nxe3 13. fxe3 f5 14. e4 f4 15. Qe1 Qg5 16. Kh2 0-0 17. Ng1 Nf6 18. Nf3 Qh6 19. Qh4 Nh5 20. Qg5 Ng3 21. Rf2 Bd7 22. Qxh6 Bxh6 23. Ne2 Kg7 24. c4 Rac8 25. b4 Kg8 26. Kg1 Rfe8 27. Nc3 Bf8 28. Rb2 Rc7 29. Rab1 Rec8 30. b5 Rc5 31. Na4 Rxc4 32. Bxc4 Rxc4 33. Nb6 Rc7 34. Nxd7 Rxd7 35. bxa6 bxa6 36. Rb7 Rd8 37. R1b6 Rc8 38. Rc6 Ra8 39. Rcc7 Nxe4 40. Ra7 Rb8 41. Rxa6 Rb1+ 42. Kh2 Ng3 43. Ng1 e4 44. Rac6 Nf1+ 45. Kh1 Ng3+ 46. Kh2 Ra1 47. a6 Nf1+ 48. Kh1 Ng3+ 49. Kh2 Nf1+ 50. Kh1 Ng3+ 1/2-1/2

[Event "KEN-ch (Women)"]
[Site "Nairobi"]
[Date "2024.02.10"]
[Round "2"]
[White "Ingado, Mercy"]
[Black "Mutisya, Julie"]
[Result "1-0"]
[WhiteElo "1292"]
[BlackElo "1560"]
[PlyCount "93"]
[EventDate "2024.02.09"]
[EventType "tourn"]
[EventRounds "11"]
[EventCountry "KEN"]
[SourceTitle "CB08_2024"]
[SourceDate "2024.02.21"]
[SourceVersion "1"]
[SourceVersionDate "2024.02.21"]
[SourceQuality "1"]

1. e4 d6 2. Nf3 Nf6 3. Nc3 g6 4. d4 c6 5. Bc4 Bg7 6. Be3 0-0 7. Qd2 b5 8. Bd3 Nbd7 9. Bh6 e5 10. 0-0 a6 11. Bxg7 Kxg7 12. Rad1 Qe7 13. a3 Bb7 14. Be2 Rfe8 15. dxe5 dxe5 16. Qg5 c5 17. Nd5 Nxd5 18. exd5 e4 19. Qxe7 Rxe7 20. Ng5 Re5 21. Nh3 Bxd5 22. Nf4 Nb6 23. Nxd5 Nxd5 24. c4 Nf4 25. Rfe1 Nxe2+ 26. Rxe2 bxc4 27. Rc2 Rb8 28. g3 Rb3 29. Rb1 c3 30. Rxc3 Rxc3 31. bxc3 c4 32. Rb4 Ra5 33. a4 Rc5 34. Kf1 h5 35. Ke2 a5 36. Rb5 Rc8 37. Rxa5 f5 38. h4 Kf6 39. Ra6+ Kf7 40. a5 Rb8 41. Rc6 Rb2+ 42. Ke3 Ra2 43. a6 Kg7 44. Rc7+ Kg8 45. a7 Kf8 46. Rc8+ Ke7 47. a8Q 1-0

[Event "KEN-ch (Women)"]
[Site "Nairobi"]
[Date "2024.02.10"]
[Round "3"]
[White "Mutisya, Julie"]
[Black "Karanja, Ether"]
[Result "1-0"]
[WhiteElo "1560"]
[BlackElo "1354"]
[PlyCount "93"]
[EventDate "2024.02.09"]
[EventType "tourn"]
[EventRounds "11"]
[EventCountry "KEN"]
[SourceTitle "CB08_2024"]
[SourceDate "2024.02.21"]
[SourceVersion "1"]
[SourceVersionDate "2024.02.21"]
[SourceQuality "1"]

1. d4 e6 2. Bf4 d5 3. e3 Nf6 4. Nf3 Nbd7 5. Bd3 Be7 6. Nbd2 b6 7. Ne5 Nxe5 8. dxe5 Nd7 9. Nf3 Bb7 10. c3 c5 11. Qe2 Rc8 12. h4 f5 13. exf6 Bxf6 14. Ng5 e5 15. Qh5+ Ke7 16. Qf7+ Kd6 17. Qe6+ Kc7 18. Nf7 Qe7 19. Qxe7 Bxe7 20. Nxe5 Nxe5 21. Bxe5+ Bd6 22. Bxd6+ Kxd6 23. 0-0-0 c4 24. Be2 Ke5 25. Rd4 Rcd8 26. Rhd1 b5 27. e4 Rhf8 28. Bf3 Rf4 29. exd5 Rxd4 30. Rxd4 Bxd5 31. Kd2 Rd6 32. Bxd5 Rxd5 33. Rxd5+ Kxd5 34. Ke3 Ke5 35. g4 g6 36. f4+ Kd5 37. h5 gxh5 38. gxh5 h6 39. Kf3 a6 40. a3 Kd6 41. Ke4 Ke6 42. f5+ Kf6 43. Kf4 a5 44. Ke4 Kg5 45. Ke5 Kxh5 46. f6 Kg6 47. Ke6 1-0

[Event "KEN Nat Team Selection (Women)"]
[Site "Ruaraka"]
[Date "2023.01.29"]
[Round "10"]
[White "Mutisya, Julie"]
[Black "Obondo, Cynthia Awino"]
[Result "1/2-1/2"]
[WhiteElo "1516"]
[BlackElo "1471"]
[PlyCount "93"]
[EventDate "2023.01.20"]
[EventType "tourn"]
[EventRounds "11"]
[EventCountry "KEN"]
[SourceTitle "CBM 213 Extra"]
[Source "ChessBase"]
[SourceDate "2023.05.31"]
[SourceVersion "1"]
[SourceVersionDate "2023.05.31"]
[SourceQuality "1"]

1. d4 d5 2. Bf4 Nf6 3. e3 g6 4. Nf3 Bg7 5. Nbd2 0-0 6. Be2 Nbd7 7. Ne5 c5 8. c3 Qb6 9. Qb3 c4 10. Qxb6 axb6 11. e4 b5 12. Nxd7 Bxd7 13. e5 Ng4 14. h3 Nh6 15. g4 Rfc8 16. Bf3 e6 17. a3 Kf8 18. Ke2 Ng8 19. h4 h6 20. Rhc1 Ne7 21. Nf1 Nc6 22. Kd2 Ra7 23. Ne3 Rca8 24. Rab1 Na5 25. Bd1 Kg8 26. Bc2 Kf8 27. Ke2 Ke8 28. Bg3 Bf8 29. f4 Nc6 30. f5 gxf5 31. gxf5 Kd8 32. Rf1 Kc7 33. f6 h5 34. Bf4 Bxa3 35. bxa3 Rxa3 36. Kd2 b4 37. cxb4 Nxd4 38. Nxd5+ exd5 39. e6+ Kc6 40. exd7 Kxd7 41. Kd1 Rc3 42. Bh7 Rca3 43. Kd2 Nb5 44. Bc2 Nd4 45. Bh7 Nb5 46. Bc2 Nd4 47. Bh7 1/2-1/2

[Event "KEN Nat Team Selection (Women)"]
[Site "Ruaraka"]
[Date "2023.01.27"]
[Round "7"]
[White "Mutisya, Julie"]
[Black "Muturi, Erica Mumbi"]
[Result "1-0"]
[WhiteElo "1516"]
[BlackElo "1015"]
[PlyCount "48"]
[EventDate "2023.01.20"]
[EventType "tourn"]
[EventRounds "11"]
[EventCountry "KEN"]
[SourceTitle "CBM 213 Extra"]
[Source "ChessBase"]
[SourceDate "2023.05.31"]
[SourceVersion "1"]
[SourceVersionDate "2023.05.31"]
[SourceQuality "1"]

1. d4 Nf6 2. Bf4 d5 3. e3 c6 4. Nd2 h6 5. Bd3 e6 6. Ngf3 Bd6 7. Bg3 0-0 8. Ne5 c5 9. c3 c4 10. Bc2 Qa5 11. Nexc4 dxc4 12. Nxc4 Qb5 13. Nxd6 Qxb2 14. 0-0 Qxc3 15. Rc1 Qa3 16. Nb5 Qa5 17. Nc7 Nc6 18. Nxa8 e5 19. dxe5 Nxe5 20. Nc7 Kh8 21. Qd4 Qxa2 22. Be4 Ned7 23. Bd6 Nxe4 24. Qxe4 Rg8 1-0

[Event "KEN Nat Team Selection (Women)"]
[Site "Ruaraka"]
[Date "2023.01.27"]
[Round "6"]
[White "Ndirangu, Joyce Nyaruai"]
[Black "Mutisya, Julie"]
[Result "0-1"]
[WhiteElo "1660"]
[BlackElo "1516"]
[PlyCount "66"]
[EventDate "2023.01.20"]
[EventType "tourn"]
[EventRounds "11"]
[EventCountry "KEN"]
[SourceTitle "CBM 213 Extra"]
[Source "ChessBase"]
[SourceDate "2023.05.31"]
[SourceVersion "1"]
[SourceVersionDate "2023.05.31"]
[SourceQuality "1"]

1. d4 Nf6 2. Nf3 g6 3. Nc3 Bg7 4. e4 d6 5. Be2 c6 6. Be3 Nbd7 7. Qd2 Ng4 8. Bg5 h6 9. Bh4 Qa5 10. h3 Ngf6 11. Bg3 e5 12. 0-0-0 0-0 13. Kb1 b5 14. Bd3 b4 15. Ne2 c5 16. dxc5 dxc5 17. Qe3 Bb7 18. Nd2 Rac8 19. Nc1 Ba6 20. Bc4 Rfe8 21. Qb3 Re7 22. f3 Nb6 23. Bf2 Nfd7 24. Bxa6 Qxa6 25. c4 bxc3 26. Qxc3 c4 27. Ka1 Na4 28. Qc2 c3 29. bxc3 Nxc3 30. Rde1 Ne2 31. Qb2 Nd4 32. Kb1 Ne2 33. Ndb3 Nc3+ 0-1

[Event "KEN Nat Team Selection (Women)"]
[Site "Ruaraka"]
[Date "2023.01.22"]
[Round "5"]
[White "Mutisya, Julie"]
[Black "Mongeli, Sasha"]
[Result "0-1"]
[WhiteElo "1516"]
[BlackElo "1728"]
[PlyCount "83"]
[EventDate "2023.01.20"]
[EventType "tourn"]
[EventRounds "11"]
[EventCountry "KEN"]
[SourceTitle "CBM 213 Extra"]
[Source "ChessBase"]
[SourceDate "2023.05.31"]
[SourceVersion "1"]
[SourceVersionDate "2023.05.31"]
[SourceQuality "1"]

1. d4 Nf6 2. Bf4 c6 3. e3 Qb6 4. b3 d6 5. Bd3 Nbd7 6. Nf3 Qa5+ 7. Qd2 Qxd2+ 8. Nbxd2 Nh5 9. Bg3 Nxg3 10. hxg3 Nf6 11. e4 g6 12. c4 Bg7 13. 0-0 0-0 14. Rfe1 Ng4 15. Rad1 Rd8 16. Bc2 e5 17. dxe5 dxe5 18. c5 Bf8 19. b4 a5 20. a3 axb4 21. axb4 Ra2 22. Bb3 Rb2 23. Nc4 Rxd1 24. Nxb2 Rxe1+ 25. Nxe1 Nf6 26. f3 b6 27. Ned3 bxc5 28. Nxc5 Nd7 29. Nbd3 Nxc5 30. Nxc5 Kg7 31. Kf2 f5 32. Ke3 Kf6 33. Bc2 Ke7 34. Bb3 Kf6 35. Bc2 Ke7 36. Bb3 g5 37. f4 gxf4+ 38. gxf4 Kd6 39. fxe5+ Kxe5 40. exf5 Bxc5+ 41. Kd3 Be6 42. Bc4 0-1

[Event "KEN Nat Team Selection (Women)"]
[Site "Ruaraka"]
[Date "2023.01.22"]
[Round "4"]
[White "Mwendwa, Triza"]
[Black "Mutisya, Julie"]
[Result "0-1"]
[WhiteElo "1473"]
[BlackElo "1516"]
[PlyCount "61"]
[EventDate "2023.01.20"]
[EventType "tourn"]
[EventRounds "11"]
[EventCountry "KEN"]
[SourceTitle "CBM 213 Extra"]
[Source "ChessBase"]
[SourceDate "2023.05.31"]
[SourceVersion "1"]
[SourceVersionDate "2023.05.31"]
[SourceQuality "1"]

1. d4 Nf6 2. Bf4 g6 3. Nc3 d6 4. e4 c6 5. Nf3 Bg7 6. Qd2 b5 7. Qe3 Qa5 8. e5 Nd5 9. Qd2 Nxf4 10. Qxf4 dxe5 11. Nxe5 0-0 12. Bd3 Bb7 13. 0-0 Qd8 14. a4 b4 15. Ne4 Nd7 16. Nxf7 Rxf7 17. Bc4 Qe8 18. Ng5 e6 19. Qc7 Nf8 20. Nxf7 Qxf7 21. Qxf7+ Kxf7 22. c3 Rc8 23. Rfe1 c5 24. cxb4 cxb4 25. b3 Bxd4 26. Rad1 Bc3 27. Re3 Rc7 28. Rd8 Ke7 29. Red3 Bd5 30. Rb8 Nd7 31. Rh8 0-1

[Event "KEN Nat Team Selection (Women)"]
[Site "Ruaraka"]
[Date "2023.01.20"]
[Round "1"]
[White "Mutisya, Julie"]
[Black "Elizabeth, Cassidy Maina"]
[Result "0-1"]
[WhiteElo "1516"]
[BlackElo "1295"]
[PlyCount "106"]
[EventDate "2023.01.20"]
[EventType "tourn"]
[EventRounds "11"]
[EventCountry "KEN"]
[SourceTitle "CBM 213 Extra"]
[Source "ChessBase"]
[SourceDate "2023.05.31"]
[SourceVersion "1"]
[SourceVersionDate "2023.05.31"]
[SourceQuality "1"]

1. d4 Nf6 2. Bf4 g6 3. e3 Bg7 4. c4 d6 5. Nc3 Nbd7 6. Nf3 0-0 7. h3 b6 8. Be2 Bb7 9. 0-0 Ne4 10. Qc2 Nxc3 11. bxc3 e5 12. Bg3 f5 13. Rfd1 Be4 14. Qb3 Kh8 15. Nd2 Bb7 16. a4 f4 17. Bh2 fxe3 18. fxe3 Qg5 19. Bf3 Bxf3 20. Nxf3 Rxf3 21. Kh1 Rf2 22. Rg1 Qxe3 23. Qb5 Nf6 24. Qc6 Rf8 25. Rae1 Re2 26. Ref1 Ne4 27. Rxf8+ Bxf8 28. Rf1 Re1 29. Bxe5+ dxe5 30. Rxe1 Qxe1+ 31. Kh2 exd4 32. Qe8 Qg3+ 33. Kg1 Qf4 34. cxd4 Nd6 35. Qe6 Qxd4+ 36. Kh1 Qa1+ 37. Kh2 Bg7 38. g3 Qe5 39. Qg4 Qb2+ 40. Kh1 Qc1+ 41. Kg2 Qxc4 42. Qg5 Qe2+ 43. Kh1 Qf1+ 44. Kh2 Qf6 45. Qd5 Qb2+ 46. Kh1 Qa1+ 47. Kh2 Qxa4 48. h4 Qe4 49. Qg5 Bd4 50. Qd8+ Qe8 51. Qxc7 Qe2+ 52. Kh3 Qf1+ 53. Kg4 Qf5# 0-1

[Event "Mombasa (Women) op"]
[Site "Shanzu"]
[Date "2022.10.10"]
[Round "6"]
[White "Madelta, Glenda"]
[Black "Mutisya, Julie"]
[Result "1/2-1/2"]
[WhiteElo "1553"]
[BlackElo "1453"]
[PlyCount "63"]
[EventDate "2022.10.08"]
[EventType "swiss"]
[EventRounds "6"]
[EventCountry "KEN"]
[SourceTitle "EXT 2024"]
[Source "ChessBase"]
[SourceDate "2023.10.10"]
[SourceVersion "1"]
[SourceVersionDate "2023.10.10"]
[SourceQuality "1"]

1. d4 Nf6 2. Bf4 g6 3. Nc3 d6 4. e4 c6 5. Qd2 b5 6. Bd3 Nbd7 7. Nf3 Bg7 8. Bh6 0-0 9. 0-0-0 Qa5 10. Kb1 b4 11. Ne2 c5 12. Bxg7 Kxg7 13. e5 dxe5 14. dxe5 Ng4 15. e6 fxe6 16. Nf4 Nb6 17. h3 Nf6 18. Ne5 Nbd5 19. Bc4 Ne4 20. Nh5+ gxh5 21. Qe1 Bb7 22. Ka1 Nf4 23. f3 Nd6 24. Qh4 Qc7 25. Qg5+ Kh8 26. g4 Nxc4 27. Rd7 Qxe5 28. Qxe7 Be4 29. Rb1 Qf6 30. Qxc5 Rad8 31. g5 Qf5 32. Qd4+ 1/2-1/2

[Event "Mombasa (Women) op"]
[Site "Shanzu"]
[Date "2022.10.10"]
[Round "5"]
[White "Matei, Veronicah"]
[Black "Mutisya, Julie"]
[Result "0-1"]
[WhiteElo "1280"]
[BlackElo "1453"]
[PlyCount "93"]
[EventDate "2022.10.08"]
[EventType "swiss"]
[EventRounds "6"]
[EventCountry "KEN"]
[SourceTitle "EXT 2024"]
[Source "ChessBase"]
[SourceDate "2023.10.10"]
[SourceVersion "1"]
[SourceVersionDate "2023.10.10"]
[SourceQuality "1"]

1. e4 d6 2. Nc3 Nf6 3. Bc4 g6 4. d3 Bg7 5. h3 e5 6. Nf3 c6 7. a4 0-0 8. 0-0 Nbd7 9. Bb3 Nc5 10. Ba2 a5 11. Bd2 Be6 12. Bxe6 Nxe6 13. Ne2 Nd7 14. Qc1 Ndc5 15. Bc3 Qb6 16. Qd2 Qc7 17. Nh2 Qb6 18. b3 Nd4 19. Nxd4 exd4 20. Bb2 f5 21. exf5 Rxf5 22. Nf3 Nd7 23. Ba3 c5 24. Rae1 Ne5 25. Nh2 Raf8 26. Bc1 Qd8 27. Qe2 Nc6 28. Qg4 Nb4 29. Qe2 Qh4 30. Nf3 Rxf3 31. gxf3 Qxh3 32. Qe6+ Qxe6 33. Rxe6 Nxc2 34. Rxd6 Rxf3 35. Rd8+ Kf7 36. Rd7+ Kf6 37. Rxb7 Rxd3 38. Kg2 h5 39. Rb6+ Kf5 40. Rh1 Be5 41. Rh3 Rd1 42. Rf3+ Ke4 43. Bg5 Ne1+ 44. Kh3 Nxf3 45. Rxg6 Rh1+ 46. Kg2 Rg1+ 47. Kh3 0-1

[Event "Mombasa (Women) op"]
[Site "Shanzu"]
[Date "2022.10.09"]
[Round "3"]
[White "Jumba, Gloria"]
[Black "Mutisya, Julie"]
[Result "1-0"]
[WhiteElo "1586"]
[BlackElo "1453"]
[PlyCount "63"]
[EventDate "2022.10.08"]
[EventType "swiss"]
[EventRounds "6"]
[EventCountry "KEN"]
[SourceTitle "EXT 2024"]
[Source "ChessBase"]
[SourceDate "2023.10.10"]
[SourceVersion "1"]
[SourceVersionDate "2023.10.10"]
[SourceQuality "1"]

1. d4 Nf6 2. Nf3 g6 3. Bf4 Bg7 4. e3 0-0 5. Be2 d6 6. h3 Nfd7 7. e4 e5 8. dxe5 dxe5 9. Be3 Qe7 10. 0-0 Nc5 11. Nc3 c6 12. Qd2 Ne6 13. Rad1 Rd8 14. Qc1 Nd4 15. Rd2 Nxf3+ 16. Bxf3 Na6 17. Qd1 Be6 18. Qe2 Qb4 19. Rb1 Bc4 20. Qd1 Rxd2 21. Qxd2 Nc7 22. Qd7 Ne6 23. a3 Qf8 24. Qxb7 Nd4 25. Bd1 a5 26. Na4 Bb5 27. c3 Bd3 28. Rc1 Rb8 29. Qc7 Nb3 30. Bxb3 Rxb3 31. Rd1 Rb8 32. Rxd3 1-0

[Event "Olympiad Women-44"]
[Site "Chennai"]
[Date "2022.08.03"]
[Round "6.3"]
[White "Monroy Garzon, Nataly Alejandra"]
[Black "Mutisya, Julie"]
[Result "1-0"]
[WhiteElo "1907"]
[BlackElo "1428"]
[PlyCount "57"]
[EventDate "2022.07.29"]
[EventType "team-swiss"]
[EventRounds "11"]
[EventCountry "IND"]
[SourceTitle "CBM 210"]
[Source "ChessBase"]
[SourceDate "2022.10.31"]
[SourceVersion "1"]
[SourceVersionDate "2022.10.31"]
[SourceQuality "1"]
[WhiteTeam "Bolivia (W)"]
[BlackTeam "Kenya (W)"]
[WhiteTeamCountry "BOL"]
[BlackTeamCountry "KEN"]

1. d4 Nf6 2. Nf3 g6 3. c4 Bg7 4. Nc3 0-0 5. e4 d6 6. h3 e5 7. d5 a5 8. Be3 Nfd7 9. g4 Na6 10. Bd3 Ndc5 11. Bc2 f5 12. gxf5 gxf5 13. exf5 Bxf5 14. Bxf5 Rxf5 15. Rg1 Kh8 16. Ng5 Nb4 17. Qh5 Nbd3+ 18. Kd2 Qg8 19. Rg4 Nf4 20. Bxf4 exf4 21. Re1 h6 22. h4 Nd7 23. Re7 Nf6 24. Nf7+ Qxf7 25. Qxf7 Ne4+ 26. Nxe4 Rxf7 27. Rxf7 Bxb2 28. Nf6 Bxf6 29. Rxf6 1-0

[Event "KEN-ch (Women)"]
[Site "Nairobi"]
[Date "2021.12.28"]
[Round "5"]
[White "Mutisya, Julie"]
[Black "Albright, Nicole"]
[Result "1-0"]
[WhiteElo "1344"]
[BlackElo "1237"]
[PlyCount "94"]
[EventDate "2021.12.26"]
[EventType "swiss"]
[EventRounds "9"]
[EventCountry "KEN"]
[SourceTitle "EXT 2023"]
[Source "ChessBase"]
[SourceDate "2022.10.05"]
[SourceVersion "1"]
[SourceVersionDate "2022.10.05"]
[SourceQuality "1"]

1. d4 Nf6 2. Bf4 e6 3. e3 b6 4. Nf3 Bb7 5. Nbd2 d5 6. Bd3 Ba6 7. Bxa6 Nxa6 8. c3 c5 9. Qa4+ Nd7 10. Qxa6 Be7 11. Ne5 Nxe5 12. Bxe5 0-0 13. Nf3 Qd7 14. 0-0 Rfc8 15. Qe2 cxd4 16. exd4 Qd8 17. Rfe1 Bg5 18. Nxg5 Qxg5 19. Qe3 Qg6 20. Qg3 Qxg3 21. Bxg3 Rc6 22. Re2 Rac8 23. Rae1 Rc4 24. Bd6 R4c6 25. Bb4 a5 26. Ba3 g6 27. f4 Kg7 28. Kf2 Kf6 29. Re5 h5 30. h3 Rh8 31. Kf3 Rc4 32. R5e2 b5 33. Bc5 b4 34. cxb4 axb4 35. Bd6 Rhc8 36. Bc5 Ra8 37. a3 bxa3 38. bxa3 Rc3+ 39. Kf2 Rb8 40. Rd2 g5 41. fxg5+ Kxg5 42. Ree2 Kf5 43. Rc2 Rxc2 44. Rxc2 Ke4 45. Kg3 f5 46. Re2+ Kd3 47. Rxe6 Ra8 1-0

[Event "KEN-ch (Women)"]
[Site "Nairobi"]
[Date "2021.12.28"]
[Round "6"]
[White "Mutisya, Julie"]
[Black "Francisca, Kagwiria"]
[Result "1-0"]
[WhiteElo "1344"]
[BlackElo "1222"]
[PlyCount "39"]
[EventDate "2021.12.26"]
[EventType "swiss"]
[EventRounds "9"]
[EventCountry "KEN"]
[SourceTitle "EXT 2023"]
[Source "ChessBase"]
[SourceDate "2022.10.05"]
[SourceVersion "1"]
[SourceVersionDate "2022.10.05"]
[SourceQuality "1"]

1. d4 Nc6 2. Bf4 d6 3. e3 g6 4. Nf3 a6 5. Bc4 Bg4 6. Bxf7+ Kxf7 7. Ng5+ Ke8 8. Qxg4 e5 9. dxe5 dxe5 10. Qe6+ Qe7 11. Bg3 Bg7 12. Nc3 Nf6 13. 0-0-0 h6 14. Qxe7+ Kxe7 15. Nf3 e4 16. Nd2 Rhf8 17. Ndxe4 Rac8 18. Nxf6 Kxf6 19. Bxc7 h5 20. h3 1-0

[Event "All Africa Games Kenya qual (Women)"]
[Site "Nairobi"]
[Date "2019.02.02"]
[Round "3.4"]
[White "Wanjiru, Lucy"]
[Black "Mutisya, Julie"]
[Result "1/2-1/2"]
[WhiteElo "1483"]
[BlackElo "1399"]
[PlyCount "110"]
[EventDate "2019.02.01"]
[EventType "swiss"]
[EventRounds "6"]
[EventCountry "KEN"]
[SourceTitle "EXT 2024"]
[Source "ChessBase"]
[SourceDate "2023.10.10"]
[SourceVersion "1"]
[SourceVersionDate "2023.10.10"]
[SourceQuality "1"]

1. c4 Nf6 2. Nc3 g6 3. g3 Bg7 4. Bg2 d6 5. d4 0-0 6. Nf3 Nbd7 7. 0-0 e5 8. dxe5 Nxe5 9. Nxe5 dxe5 10. Qc2 c6 11. b3 Bf5 12. e4 Bg4 13. h3 Be6 14. Ba3 Re8 15. Rad1 Qa5 16. Bd6 Nd7 17. b4 Qd8 18. c5 Bf8 19. Bxf8 Rxf8 20. Rd6 Qc7 21. Rfd1 Rad8 22. Ne2 b6 23. f4 exf4 24. Nxf4 Rfe8 25. Nxe6 Rxe6 26. Rxe6 fxe6 27. Qb3 Nf8 28. Rxd8 Qxd8 29. cxb6 axb6 30. Qc3 Qc7 31. Kf2 c5 32. bxc5 Qxc5+ 33. Qe3 e5 34. Kf3 Kf7 35. Qb3+ Ke7 36. Qg8 Qc3+ 37. Kg4 h5+ 38. Kh4 Qc6 39. Qg7+ Ke8 40. Qxe5+ Kf7 41. Qd5+ Qxd5 42. exd5 Kf6 43. g4 hxg4 44. Kxg4 Nd7 45. h4 Ne5+ 46. Kf4 Nd3+ 47. Kf3 Nb4 48. a4 Ke5 49. Ke3 Nxd5+ 50. Bxd5 Kxd5 51. Kf4 Ke6 52. Kg5 Kf7 53. Kf4 Kf6 54. Ke4 Ke6 55. Kd4 Kd6 1/2-1/2